000 00382nam a2200145Ia 4500
008 100122s9999 xx 000 0 und d
082 _b71928
_a823
100 _aनाईक गुरुनाथ
245 _aआहुती
260 _bगीता एजन्सीज
_c2007
300 _a184
630 _aआहुती
730 _aआहुती
942 _cBOOK
999 _c442365
_d442362